000 00480nam a2200157 a 4500
005 20140412111232.0
008 010523s19uu xx 00 eng d
020 _a0-88625-142-7
050 _aTR(PS E
_bOp1 1987
100 _aHayes, Dympna
245 _aFun with opposites /
_cwritten by Dympna Hayes, Melanie Lehman; illustration by Annelies Davis.
260 _aOntario, Canada :
_bHayes Publishing Ltd,
_c1987.
300 _a32p. ; ill.
650 _aTitle
999 _c102213
_d102213